00756cam a22002297a 4500003000500000005001700005008004100022010000800063011000900071035000800080040000900088082002100097100003700118245007900155260008500234300003100319490004300350500001100393650004600404650003300450830004300483CHAP20220329132919.0971013s1989 r 00010 d a201 a1173 a349 cCHAP a323.35409727bF400aFernández Ortiz, Luis María.14aLos factores que condicionan el desarrollo rural en la Mixteca Oaxaqueña aMéxico, D.F. :bUniversidad Autónoma Metropolitana. Unidad Xochimilco,c1989 a173 p.b: ilus. ; gráfs. 0aBreviarios de la investigaciónv; 11 a35-15514aDesarrollo de la comunidad ruralzOaxaca.14aOaxacaxCondiciones rurales.0 aBreviarios de la investigaciónv; 11